| 000 | 01037nam a22003137a 4500 | ||
|---|---|---|---|
| 003 | CHAP | ||
| 005 | 20220329134932.0 | ||
| 008 | 971013s1984 r 00010 d | ||
| 010 | _a28337 | ||
| 011 | _a29309 | ||
| 035 | _a33420 | ||
| 040 | _cCHAP | ||
| 082 |
_a312.726 _bC62 |
||
| 110 |
_aMéxico. Consejo Nacional de Población _976888 |
||
| 245 | _aEstudio sociodemográfico del estado de Tabasco | ||
| 260 |
_aMéxico, D.F. : _bEl Consejo, _c(1984?) |
||
| 300 |
_a170 p. _b: ilus. |
||
| 590 |
_aBATCH-UPD _b10 _c20130110 _lUCH01 _h0001 |
||
| 590 |
_aBATCH-UPD _b10 _c20130110 _lUCH01 _h2244 |
||
| 590 |
_aBATCH-UPD _b10 _c20130410 _lUCH01 _h1538 |
||
| 590 |
_aBATCH-UPD _b10 _c20130914 _lUCH01 _h1923 |
||
| 590 |
_aCONVERSION _b10 _c20130109 _lUCH01 _h1316 |
||
| 650 | 1 | 4 |
_aPoblación _zTabasco. _989439 |
| 650 | 1 | 4 |
_aTabasco _xCondiciones económicas. _9111269 |
| 650 | 1 | 4 |
_aTabasco _xCondiciones sociales. _9111271 |
| 901 | _aBK | ||
| 942 | _cLIBRO | ||
| 949 |
_a312.726 C62 _bBC _cLIBRO _d33724000303327 _eLIBRO _h70779 _i33420 _mD _si _t500.00 |
||
| 999 |
_c28337 _d28337 |
||